000 00933nam a22002297a 4500
003 OSt
005 20250826145916.0
008 240820b ||||| |||| 00| 0 eng d
040 _c0
082 _aDPer 320.05 As421 April-December 2020 v. 28 n. 1-3
100 _aMalh, Ali Karimi.
_eauthor.
_958481
245 _aThe sociology of emotions of the protest action of Iranians on 28 December 2017 /
_cAli Karimi Malh and Reza Garshasbi.
260 _aUnited Kingdom ;
_bTaylor & Francis Group ,
_cDecember 2020.
300 _aVolume 28, pages 334-355 :
_billustration ;
_c26 cm.
500 _aAsian Journal of Political Science, vol. 28, no. 3, pages 334-355, December 2020.
650 0 _a Contextual interpretation.
_967036
650 0 _aIranian protest action.
_967037
650 0 _aSociology of emotions.
_967038
700 _aMalh, Ali Karimi.
_eauthor.
_958481
700 _aGarshasbi, Reza.
_eauthor.
_958482
942 _2ddc
_cPER
999 _c20707
_d20707